Riešenie mzdovej regulácie a stimulácie

Charakteristika mzdy. Problematika "spravodlivej" mzdy. Podnecovanie zamestnancov - stimulácia a motivácia. Stimuly - finančné, hmotné a morálne. Mzdová regulácia a stimulácia.

Gespeichert in:
Bibliographische Detailangaben
1. Verfasser: Krausová, Alena
Format: Buchkapitel
Sprache:Slowakisch
Schlagworte:
Tags: Tag hinzufügen
Keine Tags, Fügen Sie das erste Tag hinzu!

MARC

LEADER 00000naa a2200000 4500
001 r017020
005 20221205102535.5
041 0 |a slo 
044 |a SK 
245 1 0 |a Riešenie mzdovej regulácie a stimulácie  |c Alena Krausová 
520 |a Charakteristika mzdy. Problematika "spravodlivej" mzdy. Podnecovanie zamestnancov - stimulácia a motivácia. Stimuly - finančné, hmotné a morálne. Mzdová regulácia a stimulácia. 
610 2 0 |a mzdy 
610 2 0 |a regulácia miezd 
610 2 0 |a stimulovanie 
610 2 0 |a stimulovanie hmotné 
610 2 0 |a stimulovanie morálne 
610 2 0 |a motivácia pracovná 
100 1 |a Krausová, Alena